[Event "DEM U14w 2014"]
[Site "Magdeburg GER"]
[Date "2014.06.12"]
[Round "7"]
[White "Ratay, Meike"]
[Black "Sewald, Kathrin"]
[Result "1/2-1/2"]
[Termination "normal"]
[Board "9"]
[WhiteElo "1513"]
[BlackElo "1540"]
[PlyCount "148"]
[WhiteFideId "12977608"]
[BlackFideId "12964557"]
[EventCountry "GER"]
[EventRounds "9"]
[EventType "swiss"]
[EventDate "2014.06.07"]

1. g3 e5 2. Bg2 d5 3. d3 c6 4. Nd2 Bd6 5. e4 d4 6. Ngf3 Be6 7. O-O Nd7 8. Nb3
Ne7 9. h4 h6 10. Nh2 Nf6 11. f4 Qc7 12. f5 Bd7 13. Nd2 h5 14. Nc4 O-O-O 15.
Nxd6+ Qxd6 16. Bg5 Nfg8 17. Bf3 f6 18. Bd2 Be8 19. b4 g6 20. fxg6 Bxg6 21. Bg2
Rf8 22. Bh3+ Kb8 23. Rf3 Be8 24. a4 Rf7 25. Rb1 Rg7 26. Qc1 Ng6 27. Kf2 Bd7 28.
Bxd7 Qxd7 29. Qf1 Rf7 30. Ke2 Qe6 31. Rb2 N8e7 32. c4 Rhh7 33. Kd1 f5 34. exf5
Nxf5 35. Qe2 Qd7 36. b5 c5 37. a5 Qe6 38. Kc2 Re7 39. Rb1 Qd7 40. Qe4 Ref7 41.
Rbf1 Nge7 42. Qxe5+ Qd6 43. Qxd6+ Nxd6 44. Rxf7 Nxf7 45. Bf4+ Kc8 46. Nf3 Nf5
47. Rg1 Rg7 48. Kd2 Nd8 49. Ng5 Kd7 50. Ne4 Ne6 51. Nf6+ Ke7 52. Nxh5 Rh7 53.
Be5 Rxh5 54. g4 Nxh4 55. gxh5 Nf3+ 56. Ke2 Nxg1+ 57. Kf2 Nh3+ 58. Kg3 Nhg5 59.
Kg4 Kf7 60. a6 bxa6 61. bxa6 Nh7 62. Bb8 Nf6+ 63. Kf5 Nd7 64. Bxa7 Nc7 65. Ke4
Nf6+ 66. Ke5 Nxa6 67. Kd6 Ne4+ 68. Kd5 Nf6+ 69. Kc6 Ne4 70. Kd5 Nc3+ 71. Kc6
Na4 72. Kb5 Nb2 73. Bxc5 Nxd3 74. Bxd4 Nc7+ 1/2-1/2

[Event "DEM U14w 2014"]
[Site "Magdeburg GER"]
[Date "2014.06.12"]
[Round "7"]
[White "Reinecke, Katharina"]
[Black "Lohrmann, Tabea"]
[Result "1-0"]
[Termination "normal"]
[Board "10"]
[WhiteElo "1599"]
[BlackElo "1484"]
[PlyCount "79"]
[WhiteFideId "12929727"]
[BlackFideId "12911941"]
[EventCountry "GER"]
[EventRounds "9"]
[EventType "swiss"]
[EventDate "2014.06.07"]

1. d4 d5 2. c4 e6 3. Nf3 Nf6 4. g3 Bb4+ 5. Bd2 Be7 6. Bg2 O-O 7. O-O c6 8. Qc2
b6 9. a4 Nbd7 10. a5 Qc7 11. axb6 Nxb6 12. c5 Nbd7 13. Bf4 Qb7 14. Nbd2 Re8 15.
Rfb1 Bd8 16. Ra3 a5 17. Qa4 Qa6 18. Bf1 Bb7 19. Qc2 Nf8 20. b4 Re7 21. Bd6 Re8
22. e3 Qa7 23. b5 Rc8 24. b6 Qa8 25. Qa2 Be7 26. Rxa5 Qxa5 27. Qxa5 Ra8 28. Qb4
Bxd6 29. cxd6 N8d7 30. Nb3 Ra2 31. Nfd2 Rb8 32. Nc5 Nxc5 33. dxc5 Kf8 34. Qc3
Nd7 35. Nb3 Ra3 36. Qc2 Rba8 37. Qxh7 Nf6 38. Qc2 Ra2 39. Rb2 R2a3 40. Bd3 1-0

[Event "DEM U14w 2014"]
[Site "Magdeburg GER"]
[Date "2014.06.12"]
[Round "7"]
[White "Müller, Sophie"]
[Black "Böse, Carolin"]
[Result "1/2-1/2"]
[Termination "normal"]
[Board "11"]
[WhiteElo "1460"]
[BlackElo "1518"]
[PlyCount "52"]
[WhiteFideId "12926698"]
[BlackFideId "12929646"]
[EventCountry "GER"]
[EventRounds "9"]
[EventType "swiss"]
[EventDate "2014.06.07"]

1. d4 d5 2. c4 e6 3. Nc3 c5 4. cxd5 exd5 5. Nf3 Nc6 6. g3 Nf6 7. Bg2 Be7 8. O-O
O-O 9. Re1 b6 10. Bg5 Be6 11. e3 h6 12. Bxf6 Bxf6 13. Rc1 Bg4 14. dxc5 d4 15.
exd4 Bxd4 16. Qc2 Bxc5 17. Ne5 Nd4 18. Qa4 Be6 19. b4 Bd6 20. Rcd1 Bxe5 21.
Rxe5 Rc8 22. Nd5 Bxd5 23. Rxd5 Ne2+ 24. Kf1 Qe7 25. Qd7 Qxd7 26. Rxd7 Nc3
1/2-1/2

[Event "DEM U14w 2014"]
[Site "Magdeburg GER"]
[Date "2014.06.12"]
[Round "7"]
[White "Peters, Theresa"]
[Black "Christiansen, Anna"]
[Result "1-0"]
[Termination "normal"]
[Board "12"]
[WhiteElo "1636"]
[BlackElo "1330"]
[PlyCount "95"]
[WhiteFideId "12952192"]
[BlackFideId "12952230"]
[EventCountry "GER"]
[EventRounds "9"]
[EventType "swiss"]
[EventDate "2014.06.07"]

1. e4 e5 2. Nf3 Nc6 3. Bb5 a6 4. Ba4 Bc5 5. O-O Nf6 6. c3 O-O 7. d4 exd4 8.
cxd4 Be7 9. Re1 d6 10. h3 b5 11. Bc2 Bb7 12. a3 a5 13. Nbd2 Qd7 14. Nf1 Bd8 15.
Ng3 Ne7 16. Bg5 Ng6 17. Rc1 h6 18. Bd2 Re8 19. h4 c5 20. h5 Nf8 21. e5 Nd5 22.
Bf5 Qc7 23. Ne4 Be7 24. exd6 Bxd6 25. Nxd6 Qxd6 26. dxc5 Qf6 27. Bd3 Nc7 28.
Rxe8 Nxe8 29. Bc3 Qc6 30. Bf1 Ne6 31. b4 Nf4 32. Ne5 Nh3+ 33. Kh2 Nxf2 34. Nxc6
Nxd1 35. Nxa5 Nxc3 36. Rxc3 Ba6 37. Nc6 Nc7 38. Re3 Nd5 39. Re5 Nf6 40. Kg1 Kf8
41. Nd4 Ng4 42. Re1 Rb8 43. a4 Nf6 44. Bxb5 Bxb5 45. Nxb5 Nd5 46. c6 Ne7 47. c7
Rb7 48. Rxe7 1-0

[Event "DEM U14w 2014"]
[Site "Magdeburg GER"]
[Date "2014.06.12"]
[Round "7"]
[White "Cejda, Cecilia"]
[Black "Duan, Muxi"]
[Result "1-0"]
[Termination "normal"]
[Board "13"]
[WhiteElo "1552"]
[BlackElo "1052"]
[PlyCount "81"]
[WhiteFideId "12921122"]
[BlackFideId "12971960"]
[EventCountry "GER"]
[EventRounds "9"]
[EventType "swiss"]
[EventDate "2014.06.07"]

1. e4 Nf6 2. Nc3 d5 3. e5 Ne4 4. Nge2 Nxc3 5. Nxc3 Nc6 6. d4 Bf5 7. a3 a6 8.
Be3 e6 9. Bd3 Bxd3 10. Qxd3 Be7 11. O-O O-O 12. f4 f5 13. exf6 Bxf6 14. f5 Qd7
15. fxe6 Qxe6 16. Rae1 Rae8 17. Bg5 Bxd4+ 18. Be3 Rxf1+ 19. Kxf1 Rf8+ 20. Kg1
Bxe3+ 21. Rxe3 Qf5 22. Qxd5+ Qxd5 23. Nxd5 Nd4 24. c3 Nf5 25. Ne7+ Nxe7 26.
Rxe7 Rc8 27. Kf2 Kf8 28. Rd7 b5 29. Ke3 c5 30. Rd6 Ra8 31. Rc6 c4 32. Rc5 Ke7
33. Kd4 Rd8+ 34. Rd5 Rxd5+ 35. Kxd5 Kd7 36. g4 g6 37. a4 bxa4 38. Kxc4 h5 39.
gxh5 gxh5 40. Kb4 Ke6 41. Kxa4 1-0

[Event "DEM U14w 2014"]
[Site "Magdeburg GER"]
[Date "2014.06.12"]
[Round "7"]
[White "Kummer, Birte"]
[Black "Caliebe, Nanke"]
[Result "1/2-1/2"]
[Termination "normal"]
[Board "14"]
[WhiteElo "1297"]
[BlackElo "1272"]
[PlyCount "79"]
[WhiteFideId "12952214"]
[BlackFideId "12980528"]
[EventCountry "GER"]
[EventRounds "9"]
[EventType "swiss"]
[EventDate "2014.06.07"]

1. e4 c5 2. Nf3 e6 3. d4 cxd4 4. Nxd4 a6 5. Nc3 Nc6 6. Be3 Bb4 7. Bd3 Qc7 8.
Nxc6 Bxc3+ 9. bxc3 Qxc6 10. Bd4 f6 11. Qg4 g6 12. e5 f5 13. Qg5 b5 14. Be2 Bb7
15. Bf3 Qc7 16. Bxb7 Qxb7 17. O-O Qc7 18. Rfd1 Qd8 19. Qxd8+ Rxd8 20. a4 Ne7
21. axb5 axb5 22. Rab1 Rb8 23. c4 b4 24. c3 Nc6 25. cxb4 Rxb4 26. Rxb4 Nxb4 27.
Bc3 Nc6 28. Kf1 Ke7 29. Rb1 Rb8 30. Rxb8 Nxb8 31. Ke2 Nc6 32. Kf3 g5 33. h3 h6
34. Ke3 Kf7 35. g3 Kg6 36. g4 h5 37. f3 h4 38. Kd3 Kf7 39. Ke3 Kg6 40. Kd3
1/2-1/2

[Event "DEM U14w 2014"]
[Site "Magdeburg GER"]
[Date "2014.06.13"]
[Round "8"]
[White "Sanati, Charlotte"]
[Black "Sieber, Fiona"]
[Result "0-1"]
[Termination "normal"]
[Board "1"]
[WhiteElo "1760"]
[BlackElo "1927"]
[WhiteClock "00:05:12"]
[BlackClock "00:11:22"]
[PlyCount "60"]
[WhiteFideId "12907707"]
[BlackFideId "12902373"]
[EventCountry "GER"]
[EventRounds "9"]
[EventType "swiss"]
[EventDate "2014.06.07"]

1. e4 c5 2. Nf3 d6 3. d4 cxd4 4. Nxd4 Nf6 5. Nc3 Nc6 6. Bc4 e6 7. f4 Be7 8. Be3
O-O 9. Bb3 Qa5 10. O-O Nxd4 11. Bxd4 e5 12. Be3 Ng4 13. Qe2 Nxe3 14. Qxe3 d5
15. Qf3 dxe4 16. Nxe4 Be6 17. Bxe6 fxe6 18. Qb3 Qd5 19. fxe5 Qxe5 20. Ng3 Bc5+
21. Kh1 Bf2 22. Rad1 Rac8 23. c3 Rf6 24. Qc2 Qxg3 25. Rd3 Qg6 26. Qd2 Bb6 27.
Rxf6 Qxf6 28. Rf3 Rd8 29. Qe1 Qe5 30. Qf1 Bc7 0-1

[Event "DEM U14w 2014"]
[Site "Magdeburg GER"]
[Date "2014.06.13"]
[Round "8"]
[White "Rogozenco, Teodora"]
[Black "Walker, Julia"]
[Result "1/2-1/2"]
[Termination "normal"]
[Board "2"]
[WhiteElo "1865"]
[BlackElo "1673"]
[WhiteClock "00:03:21"]
[BlackClock "00:03:45"]
[PlyCount "123"]
[WhiteFideId "12938084"]
[BlackFideId "1271852"]
[EventCountry "GER"]
[EventRounds "9"]
[EventType "swiss"]
[EventDate "2014.06.07"]

1. d4 d5 2. c4 e6 3. Nc3 c5 4. cxd5 exd5 5. Nf3 Nc6 6. dxc5 d4 7. Na4 Bf5 8.
Qb3 Na5 9. Qd1 Nc6 10. e4 Bxe4 11. Bc4 Bxf3 12. Qxf3 Qe7+ 13. Kd1 Qf6 14. Qd5
Nge7 15. Re1 Qxf2 16. Qe4 d3 17. Bd2 O-O-O 18. Rc1 Rd4 19. Qf3 Qxf3+ 20. gxf3
Ng6 21. b4 Nce5 22. Bb3 Nxf3 23. Re3 Nxh2 24. Bxf7 Nf1 25. Nb6+ Kc7 26. Na8+
Kd8 27. Re8+ Kd7 28. b5 Bxc5 29. Rxc5 Rxe8 30. Rc7+ Kd8 31. Bg5+ Ne7 32. Bxe8
Re4 33. Bh5 d2 34. Bxe7+ Rxe7 35. Rxe7 Kxe7 36. Bf3 b6 37. Nc7 Ne3+ 38. Kxd2
Nc4+ 39. Ke2 Nd6 40. a4 Kf6 41. Nd5+ Ke5 42. Ne7 Nc4 43. Nc6+ Kd6 44. Be4 Nb2
45. Bc2 Kc5 46. Nxa7 Kb4 47. Nc6+ Kc5 48. Kd2 h5 49. Ke3 g5 50. Kf3 Nc4 51. Kg3
Ne3 52. Bg6 h4+ 53. Kf3 Nc4 54. Kg4 Nd6 55. Kxg5 h3 56. Bh5 Ne4+ 57. Kh4 h2 58.
Bf3 Nc3 59. Kg3 Nxa4 60. Na7 Nc3 61. Kxh2 Nxb5 62. Nxb5 1/2-1/2

[Event "DEM U14w 2014"]
[Site "Magdeburg GER"]
[Date "2014.06.13"]
[Round "8"]
[White "Denkert, Anna"]
[Black "Simon, Tessa"]
[Result "1/2-1/2"]
[Termination "normal"]
[Board "3"]
[WhiteElo "1655"]
[BlackElo "1656"]
[WhiteClock "00:46:14"]
[BlackClock "00:00:32"]
[PlyCount "100"]
[WhiteFideId "12938122"]
[BlackFideId "12929395"]
[EventCountry "GER"]
[EventRounds "9"]
[EventType "swiss"]
[EventDate "2014.06.07"]

1. e4 c5 2. Nc3 Nc6 3. g3 g6 4. Bg2 Bg7 5. d3 e6 6. Be3 d6 7. Qd2 Nd4 8. O-O-O
Rb8 9. Nf3 b5 10. Nb1 b4 11. Bf4 e5 12. Be3 Bg4 13. Bxd4 cxd4 14. Qe1 Bh6+ 15.
Nbd2 Be6 16. Kb1 Qa5 17. Nb3 Qb5 18. h4 Nf6 19. Bh3 Bxh3 20. Rxh3 a5 21. Ng5 a4
22. Nc1 O-O 23. f4 Ng4 24. Qg1 Qd7 25. Rh1 Ne3 26. Rd2 f6 27. Nh3 Rfc8 28. Qf2
Ng4 29. Qf3 Ne3 30. Qf2 Bg7 31. Ng1 h5 32. Nf3 Ng4 33. Qe2 Qf7 34. f5 gxf5 35.
exf5 Bh6 36. Rdd1 Be3 37. Rdf1 Bh6 38. Nh2 Ne3 39. Rfg1 Rxc2 40. Qf3 Rbc8 41.
g4 Qc7 42. g5 Rxb2+ 43. Kxb2 Qc3+ 44. Kb1 Qc2+ 45. Ka1 b3 46. gxh6+ Kf8 47. Qb7
Qc3+ 48. Kb1 Qc2+ 49. Ka1 Qc3+ 50. Kb1 Qc2+ 1/2-1/2

[Event "DEM U14w 2014"]
[Site "Magdeburg GER"]
[Date "2014.06.13"]
[Round "8"]
[White "Halas, Julia"]
[Black "Moses, Selina"]
[Result "1/2-1/2"]
[Termination "normal"]
[Board "4"]
[WhiteElo "1589"]
[BlackElo "1786"]
[WhiteClock "00:17:10"]
[BlackClock "00:27:36"]
[PlyCount "45"]
[WhiteFideId "12931810"]
[BlackFideId "12908070"]
[EventCountry "GER"]
[EventRounds "9"]
[EventType "swiss"]
[EventDate "2014.06.07"]

1. d4 Nf6 2. c4 g6 3. Nc3 d5 4. cxd5 Nxd5 5. e4 Nxc3 6. bxc3 Bg7 7. Bc4 c5 8.
Be3 O-O 9. Ne2 Nd7 10. Rc1 cxd4 11. cxd4 e5 12. O-O exd4 13. Bxd4 a6 14. Kh1
Nf6 15. e5 Ng4 16. f4 Qh4 17. Bg1 b5 18. Bd5 Rb8 19. Rf3 Bb7 20. e6 fxe6 21.
Bxe6+ Kh8 22. Bxg4 Qxg4 23. Rg3 1/2-1/2

[Event "DEM U14w 2014"]
[Site "Magdeburg GER"]
[Date "2014.06.13"]
[Round "8"]
[White "Köhler, Inken"]
[Black "Wächter, Nathalie"]
[Result "1/2-1/2"]
[Termination "normal"]
[Board "5"]
[WhiteElo "1729"]
[BlackElo "1762"]
[WhiteClock "01:11:23"]
[BlackClock "00:25:46"]
[PlyCount "45"]
[WhiteFideId "12929301"]
[BlackFideId "12921033"]
[EventCountry "GER"]
[EventRounds "9"]
[EventType "swiss"]
[EventDate "2014.06.07"]

1. e4 e5 2. Nf3 Nc6 3. Bb5 a6 4. Ba4 Nf6 5. d4 exd4 6. O-O Be7 7. Re1 O-O 8. e5
Nd5 9. Bb3 Nb6 10. Nxd4 Nxd4 11. Qxd4 d5 12. c3 Bf5 13. Be3 c5 14. Qf4 Bg6 15.
Nd2 Qc7 16. Nf3 Rfe8 17. e6 Bd6 18. exf7+ Bxf7 19. Qh4 Re4 20. Qh3 Be6 21. Qh5
Bf7 22. Qh3 Be6 23. Qh5 1/2-1/2

[Event "DEM U14w 2014"]
[Site "Magdeburg GER"]
[Date "2014.06.13"]
[Round "8"]
[White "Ley, Sabrina"]
[Black "Poetsch, Leonore"]
[Result "0-1"]
[Termination "normal"]
[Board "6"]
[WhiteElo "1482"]
[BlackElo "1529"]
[WhiteClock "00:01:30"]
[BlackClock "00:40:27"]
[PlyCount "78"]
[WhiteFideId "12938130"]
[BlackFideId "12940372"]
[EventCountry "GER"]
[EventRounds "9"]
[EventType "swiss"]
[EventDate "2014.06.07"]

1. e4 e6 2. d4 d5 3. e5 c5 4. c3 Nc6 5. Nf3 Qb6 6. a3 Nh6 7. b4 cxd4 8. cxd4
Nf5 9. Be3 Bd7 10. Nc3 Rc8 11. Rc1 Nxe3 12. fxe3 Nxb4 13. axb4 Bxb4 14. Qb3 Qa5
15. Kd2 O-O 16. Bd3 Rc7 17. Ng1 Rfc8 18. Nge2 f6 19. exf6 gxf6 20. Rhf1 Kg7 21.
e4 Ba4 22. Qb2 e5 23. dxe5 d4 24. exf6+ Kf8 25. Ke1 dxc3 26. Qa2 c2+ 27. Kf2
Qc5+ 28. Kf3 Bd2 29. Nf4 Qe3+ 30. Kg4 Bd7+ 31. Ne6+ Bxe6+ 32. Qxe6 h5+ 33. Kh4
Qg5+ 34. Kh3 Qe3+ 35. Rf3 Qb6 36. Qxb6 axb6 37. Rff1 Bxc1 38. Rxc1 Rc3 39. Rxc2
Rxd3+ 0-1

[Event "DEM U14w 2014"]
[Site "Magdeburg GER"]
[Date "2014.06.13"]
[Round "8"]
[White "Ratay, Meike"]
[Black "Reinecke, Katharina"]
[Result "1/2-1/2"]
[Termination "normal"]
[Board "7"]
[WhiteElo "1513"]
[BlackElo "1599"]
[PlyCount "40"]
[WhiteFideId "12977608"]
[BlackFideId "12929727"]
[EventCountry "GER"]
[EventRounds "9"]
[EventType "swiss"]
[EventDate "2014.06.07"]

1. e4 c6 2. Nc3 d5 3. d4 dxe4 4. Nxe4 Bf5 5. Ng3 Bg6 6. h4 h6 7. Nh3 Nf6 8. Nf4
Bh7 9. Bc4 e6 10. O-O Be7 11. c3 O-O 12. Qe2 Nd5 13. h5 Nd7 14. Re1 Re8 15.
Nxd5 cxd5 16. Bd3 Bxd3 17. Qxd3 Qc7 18. Nf1 Nf6 19. Qf3 Ne4 20. Qg4 Nf6 1/2-1/2

[Event "DEM U14w 2014"]
[Site "Magdeburg GER"]
[Date "2014.06.13"]
[Round "8"]
[White "Böse, Carolin"]
[Black "Kail, Sindy"]
[Result "1-0"]
[Termination "normal"]
[Board "8"]
[WhiteElo "1518"]
[BlackElo "1487"]
[PlyCount "83"]
[WhiteFideId "12929646"]
[BlackFideId "12988502"]
[EventCountry "GER"]
[EventRounds "9"]
[EventType "swiss"]
[EventDate "2014.06.07"]

1. e4 c5 2. Nc3 d6 3. f4 Nc6 4. Bc4 Nf6 5. Nf3 e6 6. d3 d5 7. exd5 exd5 8. Qe2+
Be7 9. Bb3 O-O 10. O-O Bg4 11. Qf2 Qd7 12. Ne5 Qd6 13. Nxd5 Nxe5 14. fxe5 Qxe5
15. Re1 Qd6 16. Nxe7+ Kh8 17. Bf4 Qb6 18. Be5 Nd7 19. Bc3 Bh5 20. d4 cxd4 21.
Qxd4 Qxd4+ 22. Bxd4 f6 23. Bd5 Rab8 24. Bxa7 Ra8 25. Bf2 Ne5 26. b3 Rab8 27. a4
Rfe8 28. Nf5 Bg6 29. Ne3 Red8 30. Rec1 f5 31. Bg3 Re8 32. Nc4 Rbd8 33. Nxe5
Rxd5 34. Nxg6+ hxg6 35. c4 Rd3 36. b4 Re4 37. Be1 Kg8 38. c5 Re6 39. b5 Rd8 40.
c6 bxc6 41. Rxc6 Re4 42. a5 1-0

[Event "DEM U14w 2014"]
[Site "Magdeburg GER"]
[Date "2014.06.13"]
[Round "8"]
[White "Peters, Theresa"]
[Black "Wallat, Jessica"]
[Result "1-0"]
[Termination "normal"]
[Board "9"]
[WhiteElo "1636"]
[BlackElo "1578"]
[PlyCount "61"]
[WhiteFideId "12952192"]
[BlackFideId "12909637"]
[EventCountry "GER"]
[EventRounds "9"]
[EventType "swiss"]
[EventDate "2014.06.07"]

1. e4 e5 2. Nf3 Nf6 3. Nc3 Nc6 4. Bb5 Bb4 5. a3 Bxc3 6. bxc3 d6 7. d4 exd4 8.
cxd4 Bd7 9. Bg5 Qe7 10. O-O h6 11. Bh4 g5 12. Bg3 O-O-O 13. Re1 Rhg8 14. Bxc6
Bxc6 15. e5 dxe5 16. Nxe5 Qf8 17. Nxc6 bxc6 18. Qd3 Nd5 19. Qa6+ Kd7 20. c4 Nf4
21. d5 cxd5 22. cxd5 Qd6 23. Qa4+ Kc8 24. Rab1 Rg6 25. Qxa7 Kd7 26. Rbc1 Qb6
27. Qa4+ Kc8 28. Bxf4 gxf4 29. Re7 Rdg8 30. Qa8+ Qb8 31. Rexc7+ 1-0

[Event "DEM U14w 2014"]
[Site "Magdeburg GER"]
[Date "2014.06.13"]
[Round "8"]
[White "Sewald, Kathrin"]
[Black "Sauer, Annika"]
[Result "1-0"]
[Termination "normal"]
[Board "10"]
[WhiteElo "1540"]
[BlackElo "1602"]
[PlyCount "55"]
[WhiteFideId "12964557"]
[BlackFideId "12952052"]
[EventCountry "GER"]
[EventRounds "9"]
[EventType "swiss"]
[EventDate "2014.06.07"]

1. e4 d5 2. exd5 Qxd5 3. Nc3 Qa5 4. d4 c6 5. Bc4 Bf5 6. Bd2 e6 7. Nf3 Bb4 8.
O-O Nf6 9. a3 Bxc3 10. Bxc3 Qc7 11. b4 b5 12. Bb3 Nbd7 13. Bb2 O-O 14. Re1 Rad8
15. Qe2 Rfe8 16. h3 Be4 17. Rac1 Bxf3 18. Qxf3 Nb6 19. c4 Qd7 20. Re5 a6 21.
Rg5 h6 22. Rg3 Nh7 23. Qh5 Kh8 24. d5 f6 25. Bc3 Nxc4 26. Qg6 Nf8 27. Qxh6+ Kg8
28. Bxf6 1-0

[Event "DEM U14w 2014"]
[Site "Magdeburg GER"]
[Date "2014.06.13"]
[Round "8"]
[White "Riegel, Arinna"]
[Black "Müller, Sophie"]
[Result "1-0"]
[Termination "normal"]
[Board "11"]
[WhiteElo "1613"]
[BlackElo "1460"]
[PlyCount "120"]
[WhiteFideId "12931446"]
[BlackFideId "12926698"]
[EventCountry "GER"]
[EventRounds "9"]
[EventType "swiss"]
[EventDate "2014.06.07"]

1. e4 c5 2. Nf3 d6 3. Bb5+ Bd7 4. Bxd7+ Qxd7 5. c4 Nc6 6. Nc3 g6 7. d4 cxd4 8.
Nxd4 Bg7 9. Be3 Nf6 10. Rc1 O-O 11. O-O Rfc8 12. b3 Qd8 13. Nxc6 bxc6 14. Qf3
Qc7 15. Rfd1 Rd8 16. c5 Qa5 17. cxd6 exd6 18. Bd4 Ne8 19. Bxg7 Kxg7 20. Na4
Rac8 21. Qc3+ Qxc3 22. Nxc3 Nf6 23. f3 d5 24. exd5 cxd5 25. Ne2 Kf8 26. Nd4
Rxc1 27. Rxc1 Ne8 28. Kf2 Rd7 29. Ke2 Rc7 30. Rxc7 Nxc7 31. Nc6 a6 32. a4 Ke8
33. Kd3 Kd7 34. Ne5+ Ke6 35. f4 f6 36. Nc6 Kd6 37. Nd4 Kc5 38. Kc3 a5 39. g4 h5
40. gxh5 gxh5 41. h4 Kb6 42. f5 Ne8 43. Ne6 Kc6 44. b4 axb4+ 45. Kxb4 Kd6 46.
a5 Kc6 47. a6 Kb6 48. a7 Kxa7 49. Kc5 Kb7 50. Kxd5 Kc8 51. Kc6 Nc7 52. Nxc7 Kd8
53. Ne6+ Ke7 54. Kc7 Kf7 55. Kd7 Kg8 56. Ke7 Kh7 57. Kxf6 Kg8 58. Ke7 Kh7 59.
f6 Kg6 60. f7 Kh7 1-0

[Event "DEM U14w 2014"]
[Site "Magdeburg GER"]
[Date "2014.06.13"]
[Round "8"]
[White "Cejda, Cecilia"]
[Black "Kummer, Birte"]
[Result "1-0"]
[Termination "normal"]
[Board "12"]
[WhiteElo "1552"]
[BlackElo "1297"]
[PlyCount "125"]
[WhiteFideId "12921122"]
[BlackFideId "12952214"]
[EventCountry "GER"]
[EventRounds "9"]
[EventType "swiss"]
[EventDate "2014.06.07"]

1. e4 e5 2. Nf3 d6 3. d4 exd4 4. Nxd4 Nf6 5. Nc3 Be7 6. Bc4 O-O 7. O-O Nbd7 8.
Nf5 Ne5 9. Nxe7+ Qxe7 10. Bb3 h6 11. Re1 Nh7 12. Bf4 Ng6 13. Nd5 Qd8 14. Qd2
Nf6 15. e5 dxe5 16. Bxe5 Nxe5 17. Rxe5 Nxd5 18. Qxd5 Qxd5 19. Bxd5 c6 20. Bc4
Bd7 21. Re7 Be6 22. Bxe6 fxe6 23. Rxe6 Rad8 24. Rae1 Rd2 25. R6e2 Rxe2 26. Rxe2
Rd8 27. g3 Kf7 28. Kg2 b6 29. Kf3 Rd5 30. c4 Rd4 31. b3 b5 32. cxb5 cxb5 33.
Ke3 Rd6 34. Rd2 Re6+ 35. Kf3 Kf6 36. Rd7 a6 37. Kg4 Kg6 38. f4 h5+ 39. Kf3 Kf6
40. h3 Rc6 41. Ke4 Rc3 42. Rd3 Rc6 43. g4 hxg4 44. hxg4 Re6+ 45. Kf3 Rc6 46.
g5+ Ke6 47. Re3+ Kf7 48. Re2 Rd6 49. a4 bxa4 50. bxa4 Rd4 51. Re4 Rd5 52. Re5
Rd6 53. f5 Rc6 54. a5 Rd6 55. Rc5 Rd7 56. Rc6 Rd5 57. g6+ Kf8 58. Rxa6 Rxf5+
59. Kg4 Rc5 60. Ra8+ Ke7 61. a6 Kf6 62. Rf8+ Kxg6 63. a7 1-0

[Event "DEM U14w 2014"]
[Site "Magdeburg GER"]
[Date "2014.06.13"]
[Round "8"]
[White "Lohrmann, Tabea"]
[Black "Caliebe, Nanke"]
[Result "1/2-1/2"]
[Termination "normal"]
[Board "13"]
[WhiteElo "1484"]
[BlackElo "1272"]
[PlyCount "88"]
[WhiteFideId "12911941"]
[BlackFideId "12980528"]
[EventCountry "GER"]
[EventRounds "9"]
[EventType "swiss"]
[EventDate "2014.06.07"]

1. e4 c5 2. Nf3 e6 3. d4 cxd4 4. Nxd4 a6 5. c4 Qc7 6. Nc3 Nc6 7. a3 Nf6 8. Be3
Be7 9. Be2 O-O 10. O-O d6 11. Qc2 b6 12. Nxc6 Qxc6 13. Bf3 e5 14. Qb3 Rb8 15.
a4 Be6 16. Nd5 Bd8 17. a5 Bxd5 18. cxd5 Qb7 19. axb6 Bxb6 20. Bxb6 Qxb6 21. Qa3
Rfd8 22. Rab1 a5 23. Rfc1 Qb4 24. Qd3 Rb6 25. Rc4 Qb3 26. Rc3 Qb5 27. Qxb5 Rxb5
28. Be2 Rb4 29. f3 Kf8 30. Rc6 Ke7 31. Ra6 Rdb8 32. Rxa5 Rxb2 33. Ra7+ Ke8 34.
Rxb2 Rxb2 35. Kf2 Nh5 36. g3 Nf6 37. Ke3 Nd7 38. Ra8+ Rb8 39. Rxb8+ Nxb8 40. f4
f6 41. Kd3 Kd7 42. Kc4 Kc7 43. Kb5 Kb7 44. Bg4 g6 1/2-1/2

[Event "DEM U14w 2014"]
[Site "Magdeburg GER"]
[Date "2014.06.13"]
[Round "8"]
[White "Duan, Muxi"]
[Black "Christiansen, Anna"]
[Result "0-1"]
[Termination "normal"]
[Board "14"]
[WhiteElo "1052"]
[BlackElo "1330"]
[PlyCount "70"]
[WhiteFideId "12971960"]
[BlackFideId "12952230"]
[EventCountry "GER"]
[EventRounds "9"]
[EventType "swiss"]
[EventDate "2014.06.07"]

1. e4 e5 2. Nf3 Nc6 3. d4 exd4 4. Nxd4 Nf6 5. Nc3 d5 6. Bg5 Be7 7. exd5 Nxd5 8.
Bxe7 Ncxe7 9. Qd2 Nxc3 10. Qxc3 O-O 11. O-O-O Nd5 12. Qg3 Qf6 13. Bc4 Nb6 14.
Qxc7 Qxf2 15. Rd2 Qe3 16. h3 Nxc4 17. Qxc4 Rd8 18. Nf3 Be6 19. Qb4 a5 20. Qh4
Rxd2 21. Nxd2 Rc8 22. Re1 Qc5 23. Qe4 Qc7 24. Nb3 g6 25. Nd4 Bxa2 26. b3 Qc3
27. Re3 Qa1+ 28. Kd2 Rd8 29. Rd3 a4 30. g4 axb3 31. cxb3 Qb2+ 32. Ke3 Bb1 33.
Rd2 Qc3+ 34. Rd3 Bxd3 35. Qxd3 Re8+ 0-1

[Event "DEM U14w 2014"]
[Site "Magdeburg GER"]
[Date "2014.06.14"]
[Round "9"]
[White "Sieber, Fiona"]
[Black "Denkert, Anna"]
[Result "1/2-1/2"]
[Termination "normal"]
[Board "1"]
[WhiteElo "1927"]
[BlackElo "1655"]
[WhiteClock "00:12:27"]
[BlackClock "00:28:46"]
[PlyCount "46"]
[WhiteFideId "12902373"]
[BlackFideId "12938122"]
[EventCountry "GER"]
[EventRounds "9"]
[EventType "swiss"]
[EventDate "2014.06.07"]

1. e4 {[%clk 1:30:59]} c6 {[%clk 1:30:54]} 2. d4 {[%clk 1:31:25]} d5 {[%clk
1:31:18]} 3. e5 {[%clk 1:31:51]} Bf5 {[%clk 1:31:43]} 4. Nf3 {[%clk 1:32:17]}
e6 {[%clk 1:32:04]} 5. Be2 {[%clk 1:32:41]} f6 {[%clk 1:30:24]} 6. Bf4 {[%clk
1:25:55]} Nd7 {[%clk 1:27:11]} 7. exf6 {[%clk 1:21:54]} Ngxf6 {[%clk 1:26:59]}
8. Nbd2 {[%clk 1:21:21]} Be7 {[%clk 1:22:04]} 9. h3 {[%clk 1:19:04]} O-O {[%clk
1:17:43]} 10. O-O {[%clk 1:18:09]} Qb6 {[%clk 1:13:51]} 11. Nb3 {[%clk
1:07:22]} Ne4 {[%clk 1:11:36]} 12. Bh2 {[%clk 1:07:19]} c5 {[%clk 1:08:55]} 13.
dxc5 {[%clk 1:03:07]} Ndxc5 {[%clk 1:07:26]} 14. Nbd4 {[%clk 0:51:58]} Qxb2
{[%clk 0:58:18]} 15. Rb1 {[%clk 0:30:09]} Qa3 {[%clk 0:49:41]} 16. Nb5 {[%clk
0:27:28]} Qa5 {[%clk 0:45:26]} 17. Bc7 {[%clk 0:26:26]} b6 {[%clk 0:45:06]} 18.
Qd4 {[%clk 0:13:48]} Bf6 {[%clk 0:41:19]} 19. Be5 {[%clk 0:14:14]} Bxe5 {[%clk
0:40:57]} 20. Nxe5 {[%clk 0:13:25]} Qd2 {[%clk 0:39:24]} 21. Bd3 {[%clk
0:13:47]} Qg5 {[%clk 0:38:15]} 22. f4 {[%clk 0:13:12]} Qe7 {[%clk 0:37:08]} 23.
g4 {[%clk 0:12:27]} Qh4 {[%clk 0:28:46]} 1/2-1/2